000 00650nam a2200205Ia 4500
003 GCL
008 140319s9999 xx 000 0 ara d
040 _aGCL /
_cGCL
082 0 4 _aد
_b050
100 1 _aكون توماس
245 1 0 _aبنية الثورات العلمية (عالم المعرفة 168) /
_cكون توماس
700 1 _aشوقى جلال
260 _a[S.N] :
_bالمجلس الوطنى للثقافة والفنون والاداب ،
_c1992
300 _a382 ص
490 _aعالم المعرفة
_v0
650 0 4 _aتاريخ
650 0 4 _aالعلوم
650 0 4 _aالثورة الصناعية
942 _2ddc
_cBK
999 _c36359
_d36359